000 01045cam a22003258a 4500
001 16936216
003 Nust- CAS-E
005 20180118181359.0
008 110826s2011 nyu b 001 0 eng
010 _a 2011036353
020 _a9780415667913
040 _aDLC
_cDLC
042 _apcc
050 0 0 _aNA2543.T43
_bM86 2011
082 0 0 _a720.4724
_223
_bMUN 2011
100 1 _aMunari Probst, Maria Cristina.
245 1 0 _aArchitectural integration and design of solar thermal systems /
_cMaria Cristina Munari Probst, Christian Roecker.
260 _aNew York :
_bRoutledge :
_bEPFL,
_c2011.
263 _a1109
300 _ap. cm.
504 _aIncludes bibliographical references and index.
650 0 _aArchitecture and technology.
650 0 _aArchitectural design.
650 0 _aBuildings
_xEnvironmental engineering.
650 0 _aSolar energy.
700 1 _aRoecker, Christian.
906 _a7
_bcbc
_corignew
_d1
_eecip
_f20
_gy-gencatlg
942 _2ddc
_cBK
999 _c355359
_d355359